| 000 | 01035nam a2200277 a 4500 | ||
|---|---|---|---|
| 001 | 50864 | ||
| 003 | BD-RjUL | ||
| 005 | 20211209075557.0 | ||
| 008 | 160828s1947 nyu b 001 0 eng | ||
| 035 | _a(BD-RjUL)50984 | ||
| 035 | _a(OCoLC)182376 | ||
| 040 |
_aDLC _cODaWU _dOCoLC _dDLC _beng |
||
| 041 | _aeng | ||
| 082 |
_a375 _bSTD 1950 |
||
| 100 | 1 |
_aStratemeyer, Florence B. _q(Florence Barbara), _d1900- _9152264 |
|
| 245 | 1 | 0 |
_aDeveloping a curriculum for modern living _c[by] Florence B. Stratemeyer, Hamden L. Forkner, Margaret G. McKim and cooperating members of the Childhood-Youth Education Committee. |
| 260 |
_aNew York : _bTeachers College, Columbia Univ., _c1947 [Printing 1950] |
||
| 300 |
_axiii, 558 p. ; _c24 cm. |
||
| 500 | _aIllustrated lining-papers. | ||
| 500 | _aInclude index | ||
| 650 | 0 |
_aEducation _xCurricula. _9152265 |
|
| 700 | 1 |
_aForkner, Hamden Landon, _d1897- _ejoint author. _9152266 |
|
| 700 | 1 |
_aMcKim, Margaret Grace, _d1914- _ejoint author. _9152267 |
|
| 942 |
_2ddc _cBK |
||
| 999 |
_c50864 _d50864 |
||